| 000 | 01235cam a2200313 a 4500 | ||
|---|---|---|---|
| 001 | 2614041 | ||
| 005 | 20160623124753.0 | ||
| 008 | 980112s1998 enk b 001 0 eng | ||
| 010 | _a 98009381 | ||
| 020 | _a0415171377 (pbk : alk. paper) | ||
| 020 | _a9780415171373 (pbk : alk. paper) | ||
| 040 |
_aDLC _cDLC _dDLC |
||
| 050 | 0 | 0 |
_aHQ1121 _b.W55 1998 |
| 082 | 0 | 0 |
_a305.42 _222 _bWOM |
| 100 | 1 |
_aWilford, Rick, _d1947- _923737 |
|
| 245 | 1 | 0 |
_aWomen, Ethnicity and Nationalism : _bThe Politics of Transition / _cRick Wilford and Robert L. Miller. |
| 260 |
_aLondon ; _aNew York : _bRoutledge, 1998 _c1998. |
||
| 300 |
_ax, 212 p. ; _c24 cm. |
||
| 504 | _aIncludes bibliographical references and index. | ||
| 650 | 0 |
_aWomen _xSocial conditions. _923738 |
|
| 650 | 0 |
_aEthnic relations. _923740 |
|
| 650 | 0 |
_aNationalism. _923741 |
|
| 653 |
_bPol _cMay2011 |
||
| 650 | 0 |
_923739 _aWomen _xPolitical activity |
|
| 700 | 1 |
_aMiller, Robert L. _q(Robert Lee), _d1948- _923742 |
|
| 856 | 4 | 2 |
_3Publisher description _uhttp://www.loc.gov/catdir/enhancements/fy0649/98009381-d.html |
| 942 |
_2ddc _cBB |
||
| 999 |
_c15264 _d15264 |
||